header

A bookman's catalogue (Record no. 88511)

MARC details
000 -LEADER
fixed length control field 02090nam a2200385 a 4500
082 04 - DEWEY DECIMAL CLASSIFICATION NUMBER
Classification number 016.82/08
245 12 - TITLE STATEMENT
Title A bookman's catalogue
260 ## - PUBLICATION, DISTRIBUTION, ETC. (IMPRINT)
Place of publication Vancouver :
Name of publisher University of British Columbia Press,
Year of publication 1987.
300 ## - PHYSICAL DESCRIPTION
Number of Pages viii, 503-1,059 p. :
Other physical details ill.
490 0# - SERIES STATEMENT
Series statement Bookman's catalogue : the Norman Colbeck collection of nineteenth-century and Edwardian poetry and belles lettres in the Special Collections of the University of British Columbia
650 #0 - SUBJECT ADDED ENTRY--TOPICAL TERM
Topical Term English literature
Topical Term English literature
700 1# - ADDED ENTRY--PERSONAL NAME
Personal name Colbeck, R. Norman
Personal name Bose, Tirthankar,
Personal name Fredeman, William E.
856 40 - ELECTRONIC LOCATION AND ACCESS
Uniform Resource Identifier http://site.ebrary.com/lib/rucke/Doc?id=10146851

No items available.

© 2026 Rongo University
Contact us: librarian | system librarian | Rongo university